000 00695nam a2200289Ia 4500
005 20260324145042.0
008 008 260324s9999 xx 000 0 eng d
020 _a9780429304545
037 _aEBOOK
040 _aCRL
040 _beng
040 _cCRL
041 _2eng
041 _aeng
084 _qCRL
100 _aJohn W Gartrell; J. W. Gartrell; Don D Detomasi
_91221578
245 0 _aResource Communities
245 2 _bA Decade Of Disruption
260 _bTaylor and Francis
260 _c1985
365 _a
365 _b185
856 _uhttp://www.taylorfrancis.com/books/9780429304545
942 _cEBOOK
999 _c1828964
_d1828964